000 00307nam a2200133Ia 4500
008 100328s9999 xx 000 0 und d
082 _b68178
100 _aबगे आशा.
245 _aभूमी.
260 _bमौज.
630 _aभूमी.
730 _aभूमी.
942 _cBOOK
999 _c553917
_d553914